00513 2200181 4500001002100000005001500021008004100036020002200077035001900099041000700118082001000125090003200135100001800167245007500185260002600260300003300286650001200319INLIS00000000000288320241224112623241224||||||||| | ||| |||| || |  a978-979-709-433-1 0010-1224002883 aen0 a920.1 a920.1 KET k dan 929.7 KET m0 aI Ketut Riana00aKakawin Desa Warnnana Uthawi Nagara Krtagama : Masa Keemasan Majapahit aJakartabKompasc2009 axxiv, 482 hlm.; ilus.: 23 cm 0aSejarah